Primi 15 paesi interessati da Covid-19 - 1 mag 2021 - Statistics

Statistiche generali
  • Questo quiz è stato fatto 6 volte
  • Il punteggio medio è 12 su 28
Statistiche sulle risposte
paese % Corretto
Francia
100%
Italia
100%
Brasile
80%
Germania
80%
India
80%
Regno Unito
80%
Stati Uniti
80%
Russia
60%
Spagna
60%
Argentina
40%
Belgio
40%
Cechia
40%
Croazia
40%
Messico
40%
Paesi Bassi
40%
Polonia
40%
Slovenia
40%
Svezia
40%
Ungheria
40%
Colombia
20%
Iran
20%
Portogallo
20%
Turchia
20%
Bahrain
0%
Estonia
0%
Israele
0%
Lituania
0%
Panama
0%
Nessun quiz corrispondente trovato
Distribuzione punteggi
Percentuale di utenti per punteggio
Percentile per numero di risposta
I tuoi punteggi nel tempo
Non hai fatto questo quiz